000 00325 a2200157 4500
001 68117
020 _a9783190017829
040 _cAnchieta - Pituba
100 _aKopp, Gabriele
240 1 0 _aDabei! B1.1
_ldeu / ger
245 1 0 _aDabei! B1.1
300 _a86
362 0 _a2020
650 4 _aLíngua alemã
942 _cBK
999 _c68117
_d68117